| 000 | 00719nam a2200217Ia 4500 | ||
|---|---|---|---|
| 003 | GCL | ||
| 008 | 140319s9999 xx 000 0 ara d | ||
| 040 |
_aGCL / _cGCL |
||
| 082 | 0 | 4 |
_a320.5 _bع ث |
| 100 | 1 | _aعبدالوهاب المسيرى | |
| 245 | 1 | 0 |
_aثالوث الشر : _bالنازية - الصهيونية - معاداة السامية / _cعبدالوهاب المسيرى |
| 700 | 1 | _aعبدالقادر ياسين | |
| 260 |
_aالقاهرة : _bسطور ، _c2005 |
||
| 300 |
_a187 ص ؛ _c24 سم |
||
| 650 | 0 | 4 | _aالصهيونية |
| 650 | 0 | 4 | _aاليهود |
| 650 | 0 | 4 | _aالنازية |
| 650 | 0 | 4 | _aالصهيونية واليهودية |
| 650 | 0 | 4 | _aالهولوكوست |
| 942 |
_2ddc _cBK |
||
| 999 |
_c8735 _d8735 |
||